LEADER 00852nam0-22003011i-450- 001 990002006000403321 005 20121204153746.0 035 $a000200600 035 $aFED01000200600 035 $a(Aleph)000200600FED01 035 $a000200600 100 $a20030910d1905----km-y0itay50------ba 101 1 $aita$cger 200 1 $a<>problema della fecondazione$fTheodor Boveri$gtrad. di Andrea Giardina 210 $aMilano$cF. Pallestrini$d1905 215 $a83 p.$d20 cm 610 0 $aFecondazione 610 0 $aSessualità 676 $a574.36 700 1$aBoveri,$bTheodor$066437 702 1$aGiardina,$bAndrea$f<1875-1948> 801 0$aIT$bUNINA$gRICA$2UNIMARC 901 $aBK 912 $a990002006000403321 952 $a61 III B.1/01$b182$fDAGEN 959 $aDAGEN 996 $aProblema della fecondazione$9402886 997 $aUNINA LEADER 01222nam0 22002891i 450 001 UON00001172 005 20231205101849.474 010 $a07-486-0170-8 100 $a20020107d1990 |0itac50 ba 101 $aeng 102 $aGB 105 $a|||| 1|||| 200 1 $aEarly Islam$eCollected articles$fW. Montgomery Watt 210 $aEdinburgh$cEdinburgh University Press$d1990 215 $aXI, 207 p.$d22 cm 606 $aIslam$xStoria$3UONC000403$2FI 620 $aGB$dEdinburgh$3UONL003034 686 $aARA VII A$cPAESI ARABI - FILOSOFIA E RELIGIONE - ISLAM$2A 700 1$aWATT$bWilliam Montgomery$3UONV001158$030132 712 $aEdinburgh University Press$3UONV247349$4650 790 1$aMONTGOMERY WATT, W.$zWATT, William Montgomery$3UONV007154 801 $aIT$bSOL$c20250321$gRICA 912 $aUON00001172 950 $aSIBA - SISTEMA BIBLIOTECARIO DI ATENEO$dSI ARA VII A 190 N $eSI SA 67697 7 190 N 950 $aSIBA - SISTEMA BIBLIOTECARIO DI ATENEO$dSI ARA VII A 190 N BIS $eSI SA 89999 7 190 N BIS 996 $aEarly Islam$91173804 997 $aUNIOR